TEXTBOOK ON NATURE OF CYBER LAWS (Record no. 216102)
[ view plain ]
| 000 -LEADER | |
|---|---|
| fixed length control field | 00369nam a22001457a 4500 |
| 008 - FIXED-LENGTH DATA ELEMENTS--GENERAL INFORMATION | |
| fixed length control field | 250916b |||||||| |||| 00| 0 eng d |
| 020 ## - INTERNATIONAL STANDARD BOOK NUMBER | |
| International Standard Book Number | 9798887150796 |
| 050 ## - LIBRARY OF CONGRESS CALL NUMBER | |
| Classification number | K 564.C6G46 2023 |
| 100 ## - MAIN ENTRY--PERSONAL NAME | |
| Personal name | GEORGE ANIL |
| 245 ## - TITLE STATEMENT | |
| Title | TEXTBOOK ON NATURE OF CYBER LAWS |
| 260 ## - PUBLICATION, DISTRIBUTION, ETC. | |
| Place of publication, distribution, etc. | NEWYORK |
| Name of publisher, distributor, etc. | ORYSON PRESS |
| Date of publication, distribution, etc. | 2023 |
| 300 ## - PHYSICAL DESCRIPTION | |
| Extent | X,304 |
| 942 ## - ADDED ENTRY ELEMENTS (KOHA) | |
| Source of classification or shelving scheme | Library of Congress Classification |
| Koha item type | Long Loan Book |
| Withdrawn status | Lost status | Source of classification or shelving scheme | Damaged status | Not for loan | Collection | Home library | Current library | Shelving location | Date acquired | Inventory number | Total checkouts | Full call number | Barcode | Date last seen | Copy number | Price effective from | Koha item type |
|---|---|---|---|---|---|---|---|---|---|---|---|---|---|---|---|---|---|
| Library of Congress Classification | Science & Technology | Kisii University Library | Kisii University Library | On Display | 09/16/2025 | 109541 | K 564 .C6G 46 2023 | 000000015653 | 09/16/2025 | C.1 | 09/16/2025 | Long Loan Book | |||||
| Library of Congress Classification | Science & Technology | Kisii University Library | Kisii University Library | On Display | 09/16/2025 | 109542 | K 564 .C6G 46 2023 | 000000015652 | 09/16/2025 | C.2 | 09/16/2025 | Long Loan Book | |||||
| Library of Congress Classification | Science & Technology | Kisii University Library | Kisii University Library | On Display | 09/16/2025 | 109543 | K 564 .C6G 46 2023 | 000000015651 | 09/16/2025 | C.3 | 09/16/2025 | Long Loan Book | |||||
| Library of Congress Classification | Science & Technology | Kisii University Library | Kisii University Library | On Display | 09/16/2025 | 109544 | K 564 .C6G 46 2023 | 000000015650 | 09/16/2025 | C.4 | 09/16/2025 | Long Loan Book |